| 000 -CABECERA |
| Longitud fija campo de control |
01205nam a22003014i 4500 |
| 001 - NÚMERO DE CONTROL |
| Número de control |
991060888549406706 |
| 003 - IDENTIFICADOR DEL NÚMERO DE CONTROL |
| Identificador del número de control |
OSt |
| 005 - FECHA Y HORA DE LA ÚLTIMA TRANSACCIÓN |
| Fecha y hora de la última transacción |
20240717105039.0 |
| 007 - CAMPO FIJO DE DESCRIPCIÓN FÍSICA |
| Campo fijo de descripción f&íacute;sica |
cr#||||||||||| |
| 008 - CÓDIGOS DE INFORMACIÓN DE LONGITUD FIJA |
| Códigos de información de longitud fija |
220708s202206 spc||||fom||||0|| 0 cat|c |
| 020 ## - NÚMERO INTERNACIONAL NORMALIZADO PARA LIBROS |
| Número Internacional Normalizado para Libros (ISBN) |
9788413650159 |
| 040 ## - FUENTE DE LA CATALOGACIÓN |
| Centro catalogador de origen |
ES-TaURV |
| Lengua de catalogación |
cat |
| Normas de descripción |
rda |
| Centro transcriptor |
CDMR |
| 100 1# - PUNTO DE ACCESO PRINCIPAL-NOMBRE DE PERSONA |
| Nombre de persona |
Roselló Alfonso, Meritxell, |
| 245 10 - MENCIÓN DE TÍTULO |
| Título |
Acció comunicativa i fet religiós a la premsa escrita [recurs electrònic] / |
| Mención de responsabilidad, etc. |
Meritxell Roselló Alfonso ; tesi doctoral dirigida pel doctor Robert Roda i Aixendri, Departament de Filologies Romàniques |
| 264 #1 - PRODUCCIÓN, PUBLICACIÓN , DISTRIBUCIÓN, FABRICACIÓN Y COPYRIGHT |
| Lugar de producción, publicación, distribución, fabricación |
Tarragona : |
| Nombre del productor, editor, distribuidor, fabricante |
Publicacions URV, |
| Fecha de de producción, publicación, distribución, fabricación o copyright |
2022 |
| 300 ## - DESCRIPCIÓN FÍSICA |
| Extensión |
1 recurs en línea (475 pàgines) |
| 490 1# - MENCIÓN DE SERIE |
| Mención de serie |
Cum laude ; |
| Designación de volumen o secuencia |
16 |
| 502 ## - NOTA DE TESIS |
| Información miscelanea |
Tesi doctoral |
| Nombre de la institución que otorga el tí,tulo |
Universitat Rovira i Virgili |
| A |
2019 |
| 506 0# - NOTA DE RESTRICCIONES AL ACCESO |
| Terminología normalizada para las restricciones del acceso (R ) |
Unrestricted online access |
| Fuente del término |
star |
| 588 ## - NOTA DE FUENTE DE LA DESCRIPCIÓN |
| Nota de fuente de la descripció,n |
Descripció del recurs : 30 de novembre de 2022 |
| 650 #0 - PUNTO DE ACCESO ADICIONAL DE MATERIA - TÉRMINO DE MATERIA |
| Término de materia o nombre geográfico como elemento inicial |
Religió i premsa |
| Subdivisión geográfica |
Espanya |
| Subdivisión de materia general |
Tesis. |
| Fuente del encabezamiento o término |
lemac |
| 9 (RLIN) |
3101 |
| 650 #7 - PUNTO DE ACCESO ADICIONAL DE MATERIA - TÉRMINO DE MATERIA |
| Término de materia o nombre geográfico como elemento inicial |
Església i premsa |
| Subdivisión geográfica |
Espanya |
| Subdivisión de materia general |
Tesis. |
| Fuente del encabezamiento o término |
lemac |
| 830 #0 - PUNTO DE ACCESO ADICIONAL DE SERIE - TÍTULO UNIFORME |
| Título uniforme |
Cum laude (Universitat Rovira i Virgili) ; |
| Designación de volumen o secuencia |
16 |
| 856 40 - LOCALIZACIÓN Y ACCESO ELECTRÓNICO |
| Nota pública |
Accés lliure |
| Identificador Uniforme del Recurso (URI) |
<a href="http://llibres.urv.cat/index.php/purv/catalog/book/494">http://llibres.urv.cat/index.php/purv/catalog/book/494</a> |
| 908 ## - CONTROL DE PARÁMETROS (RLIN) |
| Parametro de comando lanzado |
URV |
| 940 ## - |
| T&íacute;tulo uniforme |
<a href="URV">URV</a> |
| 942 ## - ENTRADA DE ELEMENTOS AGREGADOS (KOHA) |
| Fuente de clasificaión o esquema |
|
| Koha [por defecto] tipo de item |
Llibres electrònics |